Lewys Jenkins
Bristol A
Categories
History - American History | 0 | 5 | 1 | 0 | 45 | 86 | 103.80 | 0 | 4 |
Science - Chemistry | 0 | 2 | 0 | 0 | 20 | 91 | 107.50 | 0 | 0 |
Literature - British Literature | 0 | 1 | 0 | 0 | 10 | 123 | 123.00 | 0 | 0 |
Literature - European Literature | 0 | 1 | 0 | 0 | 10 | 133 | 133.00 | 0 | 1 |
Religion | 0 | 1 | 0 | 0 | 10 | 127 | 127.00 | 0 | 0 |
Fine Arts - Painting & Sculpture | 0 | 1 | 0 | 0 | 10 | 106 | 106.00 | 0 | 0 |
Literature - American Literature | 0 | 1 | 0 | 0 | 10 | 123 | 123.00 | 0 | 0 |
Science - Other Science | 0 | 1 | 0 | 0 | 10 | 69 | 69.00 | 0 | 1 |
History - World History | 0 | 1 | 1 | 0 | 5 | 121 | 121.00 | 0 | 0 |
Social Science | 0 | 0 | 0 | 0 | 0 | 0.00 | 0 | 0 |